<?xml version="1.0" encoding="UTF-8"?>
<record
    xmlns:xsi="http://www.w3.org/2001/XMLSchema-instance"
    xsi:schemaLocation="http://www.loc.gov/MARC21/slim http://www.loc.gov/standards/marcxml/schema/MARC21slim.xsd"
    xmlns="http://www.loc.gov/MARC21/slim">

  <leader>01335nam2a2200253 i 4500</leader>
  <controlfield tag="001">RU\NLR\BIBL_A\010209058</controlfield>
  <controlfield tag="005">20240728202841.0</controlfield>
  <datafield tag="010" ind1=" " ind2=" ">
    <subfield code="a">9785904630119</subfield>
    <subfield code="9">1000</subfield>
  </datafield>
  <datafield tag="021" ind1=" " ind2=" ">
    <subfield code="a">RU</subfield>
    <subfield code="b">2014-1390</subfield>
    <subfield code="9">85</subfield>
  </datafield>
  <datafield tag="035" ind1=" " ind2=" ">
    <subfield code="a">(NLR Aleph) 010209058</subfield>
  </datafield>
  <datafield tag="090" ind1=" " ind2=" ">
    <subfield code="a">10266495</subfield>
    <subfield code="c">10266495</subfield>
  </datafield>
  <datafield tag="100" ind1=" " ind2=" ">
    <subfield code="a">20140312d2013    um y0rusy50      ca</subfield>
  </datafield>
  <datafield tag="101" ind1="0" ind2=" ">
    <subfield code="a">rus</subfield>
  </datafield>
  <datafield tag="102" ind1=" " ind2=" ">
    <subfield code="a">RU</subfield>
  </datafield>
  <datafield tag="105" ind1=" " ind2=" ">
    <subfield code="a">c|||w|||000yy</subfield>
  </datafield>
  <datafield tag="200" ind1="0" ind2=" ">
    <subfield code="a">&#x422;. 1, &#x433;&#x43B;. 1-8</subfield>
  </datafield>
  <datafield tag="210" ind1=" " ind2=" ">
    <subfield code="d">2013</subfield>
  </datafield>
  <datafield tag="215" ind1=" " ind2=" ">
    <subfield code="a">735 &#x441;.</subfield>
    <subfield code="c">&#x43F;&#x43E;&#x440;&#x442;&#x440;.</subfield>
  </datafield>
  <datafield tag="320" ind1=" " ind2=" ">
    <subfield code="a">&#x411;&#x438;&#x431;&#x43B;&#x438;&#x43E;&#x433;&#x440;. &#x432; &#x43F;&#x43E;&#x434;&#x441;&#x442;&#x440;&#x43E;&#x447;. &#x43F;&#x440;&#x438;&#x43C;&#x435;&#x447;.</subfield>
  </datafield>
  <datafield tag="461" ind1=" " ind2="0">
    <subfield code="1">001RU\NLR\BIBL_A\010299398</subfield>
    <subfield code="1">2000#$a&#x41A;&#x43E;&#x43C;&#x43C;&#x435;&#x43D;&#x442;&#x430;&#x440;&#x438;&#x439; &#x43A; &#x43F;&#x43E;&#x441;&#x43B;&#x430;&#x43D;&#x438;&#x44E; &#x421;&#x432;&#x44F;&#x442;&#x43E;&#x433;&#x43E; &#x430;&#x43F;&#x43E;&#x441;&#x442;&#x43E;&#x43B;&#x430; &#x41F;&#x430;&#x432;&#x43B;&#x430; &#x43A; &#x440;&#x438;&#x43C;&#x43B;&#x44F;&#x43D;&#x430;&#x43C;$e&#x434;&#x43B;&#x44F; &#x43D;&#x430;&#x437;&#x438;&#x434;&#x430;&#x43D;&#x438;&#x44F; &#x432; &#x432;&#x435;&#x440;&#x435; &#x438; &#x431;&#x43B;&#x430;&#x433;&#x43E;&#x447;&#x435;&#x441;&#x442;&#x438;&#x438;$f&#x41A;&#x430;&#x440;&#x43B; &#x423;&#x43B;&#x43E;&#x444; &#x420;&#x43E;&#x441;&#x435;&#x43D;&#x438;&#x443;&#x441;$g&#x43F;&#x435;&#x440;. &#x441;&#x43E; &#x448;&#x432;&#x435;&#x434;. &#x412;.&#x42E;. &#x412;&#x43E;&#x43B;&#x43E;&#x434;&#x438;&#x43D;&#x430;$v&#x422;. 1, &#x433;&#x43B;. 1-8</subfield>
    <subfield code="1">700#1$3RU\NLR\auth\7712704$a&#x420;&#x43E;&#x441;&#x435;&#x43D;&#x438;&#x443;&#x441;$b&#x41A;. &#x423;.$f1816-1868</subfield>
    <subfield code="9">10585860</subfield>
    <subfield code="a">&#x420;&#x43E;&#x441;&#x435;&#x43D;&#x438;&#x443;&#x441;, &#x41A;.&#x423;. (1816-1868)</subfield>
    <subfield code="c">&#x421;&#x430;&#x43D;&#x43A;&#x442;-&#x41F;&#x435;&#x442;&#x435;&#x440;&#x431;&#x443;&#x440;&#x433;</subfield>
    <subfield code="d">2013</subfield>
    <subfield code="f">&#x41A;&#x430;&#x440;&#x43B; &#x423;&#x43B;&#x43E;&#x444; &#x420;&#x43E;&#x441;&#x435;&#x43D;&#x438;&#x443;&#x441;</subfield>
    <subfield code="n">&#x421;&#x432;&#x435;&#x442;&#x43E;&#x447;</subfield>
    <subfield code="o">&#x434;&#x43B;&#x44F; &#x43D;&#x430;&#x437;&#x438;&#x434;&#x430;&#x43D;&#x438;&#x44F; &#x432; &#x432;&#x435;&#x440;&#x435; &#x438; &#x431;&#x43B;&#x430;&#x433;&#x43E;&#x447;&#x435;&#x441;&#x442;&#x438;&#x438;</subfield>
    <subfield code="t">&#x41A;&#x43E;&#x43C;&#x43C;&#x435;&#x43D;&#x442;&#x430;&#x440;&#x438;&#x439; &#x43A; &#x43F;&#x43E;&#x441;&#x43B;&#x430;&#x43D;&#x438;&#x44E; &#x421;&#x432;&#x44F;&#x442;&#x43E;&#x433;&#x43E; &#x430;&#x43F;&#x43E;&#x441;&#x442;&#x43E;&#x43B;&#x430; &#x41F;&#x430;&#x432;&#x43B;&#x430; &#x43A; &#x440;&#x438;&#x43C;&#x43B;&#x44F;&#x43D;&#x430;&#x43C;</subfield>
    <subfield code="v">&#x422;. 1, &#x433;&#x43B;. 1-8</subfield>
  </datafield>
  <datafield tag="942" ind1=" " ind2=" ">
    <subfield code="c">BOOK</subfield>
  </datafield>
  <datafield tag="980" ind1=" " ind2=" ">
    <subfield code="a">NBR</subfield>
  </datafield>
</record>
